Contours of death and disease in early modern England
Αποθηκεύτηκε σε:
| Κύριος συγγραφέας: | |
|---|---|
| Μορφή: | Βιβλίο |
| Γλώσσα: | English |
| Δημοσίευση: |
Cambridge :
Cambridge University Press,
1997
|
| Σειρά: | Cambridge studies in population, economy and society in past time ;
; 29 |
| Θέματα: | |
| Ετικέτες: |
Προσθήκη ετικέτας
Δεν υπάρχουν, Καταχωρήστε ετικέτα πρώτοι!
|
MARC
| LEADER | 00000nam a2200000 i 4500 | ||
|---|---|---|---|
| 001 | 1/87543 | ||
| 008 | 080603s1997 eng d | ||
| 020 | |a 0-521-40464-9 (hbk.) | ||
| 035 | |l 10097898 | ||
| 040 | |a GR-MY-UA |b gre |e aacr | ||
| 041 | 0 | |a eng | |
| 082 | 0 | |a 614.42422 |2 (22) | |
| 100 | 1 | |a Dobson, Mary J. | |
| 245 | 1 | 0 | |a Contours of death and disease in early modern England / |c Mary J. Dobson |
| 260 | |a Cambridge : |b Cambridge University Press, |c 1997 | ||
| 300 | |a xix, 647 σ.; |b εικ., χάρτες; |c 24 εκ. | ||
| 490 | 1 | |a Cambridge studies in population, economy, and society in past time |v ; 29 | |
| 504 | |a Βιβλιογραφία: σ. 540-621 | ||
| 504 | |a Ευρετήριο: σ. 622-647 | ||
| 650 | 0 | 0 | |a Diseases |z England, South East |x History |y 17th century. |
| 650 | 0 | 0 | |a Diseases |z England, South East |x History |y 18th century. |
| 650 | 0 | 0 | |a Mortality |z England, South East |x History |y 17th century. |
| 650 | 0 | 0 | |a Mortality |z England, South East |x Histroy |y 18th century. |
| 650 | 0 | 0 | |a Diseases |z England, South East |x Statistics. |
| 650 | 0 | 0 | |a Mortality |z England, South East |x Statistics. |
| 650 | 0 | 0 | |a Medical geography |z England, South East. |
| 830 | 0 | |a Cambridge studies in population, economy and society in past time ; |v ; 29 | |
| 852 | |a INST |b LESVOS |e 20080603 |h 614.42422 DOB |p 005100041588 |q 005100041588 |t BK |y 0 | ||
| 901 | |a BIBL1-2008-2 | ||
| 909 | |a Λ |b 144125 | ||
| 922 | |a 1ΕΛΗ |b 200801 |c ΕΠΕΑΕΚ2/ΤΚΑ |d ΠΑΠΑΣΩΤΗΡΙΟΥ | ||
| 970 | |a ΚΑΡΑ |b ΓΙΑΣΕΜΗ |z 2008/06/03 | ||